000
00247nam a2200097Ia 4500
001
683640
005
20250826161442.0
008
250824s9999 xx 000 0 und d
245
0
_a
ARABA SEVDASI
_c
RECAİZADE MAHMUT EKREM
260
_b
EVEREST YAYINLARI
999
_c
683640
_d
683640